Loading...
| Social Science | 2 | 1 | 0 | 0 | 40 | 63 | 76.67 | 2 | 3 | 0.00 | 0.00 |
| 1 | 2 | 0 | 2 | 35 | 37 | 99.00 | 2 | 3 | 0.00 | 0.00 | |
| Literature - European | 0 | 2 | 0 | 0 | 20 | 83 | 87.00 | 1 | 2 | 0.00 | 0.00 |
| History - European | 0 | 2 | 0 | 2 | 20 | 133 | 141.00 | 0 | 2 | 0.00 | 0.00 |
| History - World | 0 | 2 | 0 | 1 | 20 | 80 | 104.50 | 0 | 2 | 0.00 | 0.00 |
| Science - Physics | 1 | 1 | 1 | 0 | 20 | 71 | 82.00 | 2 | 2 | 0.00 | 0.00 |
| Literature - American | 1 | 0 | 0 | 0 | 15 | 38 | 38.00 | 1 | 1 | 0.00 | 0.00 |
| History - American | 0 | 2 | 1 | 1 | 15 | 92 | 112.00 | 1 | 2 | 0.00 | 0.00 |
| Beliefs | 0 | 2 | 1 | 1 | 15 | 99 | 120.50 | 0 | 2 | 0.00 | 0.00 |
| Philosophy | 1 | 0 | 1 | 0 | 10 | 69 | 69.00 | 1 | 1 | 0.00 | 0.00 |
| Current Events | 0 | 1 | 0 | 0 | 10 | 78 | 78.00 | 0 | 1 | 0.00 | 0.00 |
| Other Arts: Auditory | 0 | 1 | 0 | 1 | 10 | 124 | 124.00 | 0 | 1 | 0.00 | 0.00 |
| Other Arts: Visual | 0 | 1 | 0 | 0 | 10 | 90 | 90.00 | 1 | 1 | 0.00 | 0.00 |
| Geography | 0 | 1 | 1 | 1 | 5 | 149 | 149.00 | 1 | 1 | 0.00 | 0.00 |
| Literature - British | 0 | 1 | 1 | 0 | 5 | 123 | 123.00 | 1 | 1 | 0.00 | 0.00 |
| Science - Biology | 0 | 0 | 1 | 0 | -5 | 0.00 | 0 | 0 | 0.00 | 0.00 | |
| Science - Chemistry | 0 | 0 | 1 | 0 | -5 | 0.00 | 0 | 0 | 0.00 | 0.00 | |
| Fine Arts - Auditory | 0 | 0 | 2 | 0 | -10 | 0.00 | 0 | 0 | 0.00 | 0.00 |